[Event "GBR-ch90"]
[Site "Edinburgh"]
[Date "2003.07.24"]
[Round "4.7"]
[White "Gormally, Daniel W"]
[Black "Williams, Simon K"]
[Result "1-0"]
[WhiteElo "2478"]
[BlackElo "2381"]
[PlyCount "109"]
[EventDate "2003.07.21"]
[EventType "swiss"]
[EventRounds "11"]
[EventCountry "GBR"]
[SourceTitle "BritBase"]
[Source "John Saunders"]
[SourceDate "2008.07.14"]
[SourceVersion "1"]
[SourceVersionDate "2008.07.14"]
[SourceQuality "2"]

1. d4 e6 2. e4 d5 3. Nc3 Bb4 4. e5 b6 5. Bd2 Qd7 6. Nf3 Bf8 7. Bb5 c6 8. Ba4 a5
9. a3 Ba6 10. Ne2 Bb5 11. Bxb5 cxb5 12. Nc3 Na6 13. a4 b4 14. Nb5 Nc7 15. Nxc7+
Qxc7 16. c3 Qc4 17. b3 Qd3 18. Rc1 Kd7 19. Ng5 Nh6 20. c4 dxc4 21. Rxc4 Be7 22.
Qe2 Qxe2+ 23. Kxe2 Bxg5 24. Bxg5 Rhc8 25. Rhc1 Ng8 26. Rxc8 Rxc8 27. Rxc8 Kxc8
28. f4 Kd7 29. Kd3 f6 30. exf6 gxf6 31. Bh4 Kc6 32. Ke4 b5 33. axb5+ Kxb5 34.
d5 exd5+ 35. Kxd5 a4 36. bxa4+ Kxa4 37. Be1 b3 38. Bc3 Nh6 39. Bxf6 Ng4 40. Bd4
Ne3+ 41. Ke4 Nxg2 42. f5 Kb4 43. f6 Nh4 44. f7 Ng6 45. Kd5 Ka3 46. Ke6 b2 47.
Bxb2+ Kxb2 48. Kf6 Nf8 49. Kg7 Ne6+ 50. Kxh7 Kc3 51. Kg6 Kd4 52. Kf6 Kd5 53.
Ke7 Nf4 54. h4 Ng6+ 55. Ke8 1-0

[Event "GBR-ch90"]
[Site "Edinburgh"]
[Date "2003.07.24"]
[Round "4.8"]
[White "Sowray, Peter J"]
[Black "Kotronias, Vasilios"]
[Result "0-1"]
[WhiteElo "2346"]
[BlackElo "2602"]
[PlyCount "64"]
[EventDate "2003.07.21"]
[EventType "swiss"]
[EventRounds "11"]
[EventCountry "GBR"]
[SourceTitle "BritBase"]
[Source "John Saunders"]
[SourceDate "2008.07.14"]
[SourceVersion "1"]
[SourceVersionDate "2008.07.14"]
[SourceQuality "2"]

1. d4 Nf6 2. c4 g6 3. g3 Bg7 4. Bg2 O-O 5. Nf3 d6 6. Nc3 Nbd7 7. O-O e5 8. e4
c6 9. b3 Qb6 10. d5 Nc5 11. Be3 cxd5 12. Nxd5 Qd8 13. Nxf6+ Qxf6 14. Nd2 Ne6
15. Nb1 Nf4 16. Nc3 Nxg2 17. Kxg2 Bd7 18. Qd2 Qe6 19. Rad1 Qh3+ 20. Kg1 f5 21.
Qxd6 Rf7 22. f3 f4 23. gxf4 Bg4 24. fxg4 Qxe3+ 25. Rf2 Qxc3 26. Qe6 exf4 27.
Rd7 Raf8 28. Kg2 f3+ 29. Kh3 Qe3 30. Rxf7 Rxf7 31. Kg3 Qf4+ 32. Kh3 Be5 0-1

[Event "GBR-ch90"]
[Site "Edinburgh"]
[Date "2003.07.24"]
[Round "4.9"]
[White "Turner, Matthew J"]
[Black "Gwaze, Robert"]
[Result "1/2-1/2"]
[WhiteElo "2519"]
[BlackElo "2335"]
[PlyCount "58"]
[EventDate "2003.07.21"]
[EventType "swiss"]
[EventRounds "11"]
[EventCountry "GBR"]
[SourceTitle "BritBase"]
[Source "John Saunders"]
[SourceDate "2008.07.14"]
[SourceVersion "1"]
[SourceVersionDate "2008.07.14"]
[SourceQuality "2"]

1. c4 e5 2. g3 Nf6 3. Bg2 Nc6 4. Nc3 Bc5 5. e3 O-O 6. Nge2 Re8 7. O-O Bf8 8. d3
h6 9. h3 a6 10. f4 exf4 11. gxf4 b5 12. b3 b4 13. Nd5 Nxd5 14. cxd5 Na7 15. e4
c6 16. dxc6 dxc6 17. Be3 a5 18. Qc2 Ba6 19. Rad1 c5 20. f5 Nb5 21. f6 g6 22.
Nf4 Nc3 23. Rde1 Re5 24. Bd2 Qd4+ 25. Kh1 Rd8 26. Bxc3 bxc3 27. Rf3 Rg5 28. Nd5
Qe5 29. Ne7+ Bxe7 1/2-1/2

[Event "GBR-ch90"]
[Site "Edinburgh"]
[Date "2003.07.24"]
[Round "4.10"]
[White "Mohota, Nisha"]
[Black "Kunte, Abhijit"]
[Result "0-1"]
[WhiteElo "2321"]
[BlackElo "2515"]
[PlyCount "152"]
[EventDate "2003.07.21"]
[EventType "swiss"]
[EventRounds "11"]
[EventCountry "GBR"]
[SourceTitle "BritBase"]
[Source "John Saunders"]
[SourceDate "2008.07.14"]
[SourceVersion "1"]
[SourceVersionDate "2008.07.14"]
[SourceQuality "2"]

1. d4 e6 2. c4 Nf6 3. Nc3 Bb4 4. e3 O-O 5. Bd3 c5 6. d5 b5 7. Nge2 Bb7 8. O-O
Bxc3 9. Nxc3 b4 10. Ne4 d6 11. Nxf6+ Qxf6 12. Bc2 exd5 13. cxd5 Nd7 14. f4 Qe7
15. e4 f5 16. exf5 Rae8 17. a3 b3 18. Bxb3 Ba6 19. Bd2 Bxf1 20. Kxf1 Rxf5 21.
Qf3 Rf7 22. Re1 Qd8 23. Re6 Nf8 24. f5 Rb7 25. Ba4 Nxe6 26. dxe6 Rxb2 27. Bxe8
Qxe8 28. Qd5 Rb8 29. Qxd6 Rd8 30. Qf4 Qb5+ 31. Kf2 Qb2 32. Ke2 Qb7 33. Qg5 Qe4+
34. Kd1 Qb1+ 35. Ke2 Qd3+ 36. Ke1 h6 37. Qe3 Qxf5 38. e7 Re8 39. Ba5 Qb1+ 40.
Ke2 Qb5+ 41. Kf2 Qxa5 42. Qe6+ Kh8 43. Qd7 Rxe7 44. Qxe7 Qd2+ 45. Qe2 Qd7 46.
Qc4 Qe7 47. a4 Kh7 48. Kf3 Kg6 49. Qe4+ Kf6 50. Qc6+ Ke5 51. Ke3 a5 52. h4 Qd6
53. Qe4+ Kf6 54. Kf3 Qe6 55. Qa8 Qb3+ 56. Kf2 Qc2+ 57. Ke3 Qc3+ 58. Kf2 Qd2+
59. Kf3 Qd3+ 60. Kf2 Qf5+ 61. Kg1 c4 62. Qf8+ Kg6 63. h5+ Kg5 64. Qxg7+ Kxh5
65. Kh2 Qf4+ 66. g3 Qe4 67. Qf6 Kg4 68. Qg7+ Kf3 69. Qf6+ Ke2 70. Qb2+ Kd1 71.
Qa1+ Kd2 72. Qb2+ Qc2 73. Qd4+ Kc1+ 74. Kh3 c3 75. Qe3+ Kb1 76. Qb6+ Qb2 0-1

[Event "GBR-ch90"]
[Site "Edinburgh"]
[Date "2003.07.24"]
[Round "4.12"]
[White "Wells, Peter K"]
[Black "Greet, Andrew"]
[Result "1-0"]
[WhiteElo "2481"]
[BlackElo "2297"]
[PlyCount "93"]
[EventDate "2003.07.21"]
[EventType "swiss"]
[EventRounds "11"]
[EventCountry "GBR"]
[SourceTitle "BritBase"]
[Source "John Saunders"]
[SourceDate "2008.07.14"]
[SourceVersion "1"]
[SourceVersionDate "2008.07.14"]
[SourceQuality "2"]

1. d4 Nf6 2. Bg5 Ne4 3. Bf4 d5 4. e3 e6 5. Bd3 b6 6. Ne2 Bb7 7. c4 dxc4 8. Qa4+
Nd7 9. Qxc4 Nd6 10. Qc2 Bxg2 11. Rg1 Bb7 12. Nbc3 g6 13. e4 a6 14. O-O-O Qh4
15. Qd2 Be7 16. f3 Qh5 17. e5 Nf5 18. Be4 O-O-O 19. Rg4 h6 20. Qc2 g5 21. Bxf5
gxf4 22. Be4 Qxh2 23. Rdg1 Bg5 24. Bxb7+ Kxb7 25. Ne4 f6 26. exf6 Nxf6 27. Rxg5
hxg5 28. Nxf6 Qh6 29. Qe4+ Kb8 30. Qxe6 Rd6 31. Nd7+ Ka7 32. Qxh6 Rhxh6 33. Ne5
Rh2 34. Kd1 c5 35. Rxg5 cxd4 36. Rg7+ Ka8 37. Kd2 Re6 38. Rg5 Rh8 39. Nxf4 Rh2+
40. Kd3 Rd6 41. Ke4 Rd8 42. Rg7 Re8 43. Nfd3 Re2+ 44. Kd5 Rd8+ 45. Kc6 Rc8+ 46.
Kd6 Rd8+ 47. Rd7 1-0

[Event "GBR-ch90"]
[Site "Edinburgh"]
[Date "2003.07.24"]
[Round "4.13"]
[White "Singh, Gurpreetpal"]
[Black "Hossain, Enamul"]
[Result "1-0"]
[WhiteElo "2293"]
[BlackElo "2452"]
[PlyCount "57"]
[EventDate "2003.07.21"]
[EventType "swiss"]
[EventRounds "11"]
[EventCountry "GBR"]
[SourceTitle "BritBase"]
[Source "John Saunders"]
[SourceDate "2008.07.14"]
[SourceVersion "1"]
[SourceVersionDate "2008.07.14"]
[SourceQuality "2"]

1. e4 c5 2. Nc3 a6 3. Nge2 d6 4. d4 cxd4 5. Nxd4 Nf6 6. Bg5 e6 7. Qd3 Nc6 8.
O-O-O Bd7 9. f4 Qb6 10. Be2 Rc8 11. Nxc6 Bxc6 12. f5 e5 13. Bxf6 gxf6 14. Kb1
Qc5 15. Bf3 h5 16. h4 Ke7 17. Qe2 b5 18. Nd5+ Bxd5 19. Rxd5 Qc4 20. Rd3 Rc6 21.
Rhd1 Bh6 22. Qf2 Rc5 23. Rc3 Qxc3 24. bxc3 Rd8 25. Rd3 a5 26. Bxh5 b4 27. cxb4
axb4 28. Qe2 Rc7 29. Bxf7 1-0

[Event "GBR-ch90"]
[Site "Edinburgh"]
[Date "2003.07.24"]
[Round "4.14"]
[White "Woodward, Timothy"]
[Black "Vijayalakshmi, Subbaraman"]
[Result "1/2-1/2"]
[WhiteElo "2285"]
[BlackElo "2435"]
[PlyCount "109"]
[EventDate "2003.07.21"]
[EventType "swiss"]
[EventRounds "11"]
[EventCountry "GBR"]
[SourceTitle "BritBase"]
[Source "John Saunders"]
[SourceDate "2008.07.14"]
[SourceVersion "1"]
[SourceVersionDate "2008.07.14"]
[SourceQuality "2"]

1. d4 Nf6 2. c4 e6 3. Nc3 Bb4 4. Qc2 c5 5. dxc5 Bxc5 6. Nf3 Qb6 7. e3 Qc7 8.
Nb5 Qb6 9. a3 a6 10. Qa4 Be7 11. b4 O-O 12. Nbd4 d6 13. Bd3 Bd7 14. Qc2 Rc8 15.
e4 Nc6 16. Bb2 Qc7 17. Rc1 Nxd4 18. Nxd4 e5 19. Ne2 Be6 20. Qb1 Qd8 21. O-O Rc7
22. c5 Rac8 23. Rfd1 Qf8 24. cxd6 Bxd6 25. Rxc7 Rxc7 26. Rc1 Qc8 27. Rxc7 Qxc7
28. Qc2 Qxc2 29. Bxc2 Nd7 30. Ng3 g6 31. Nf1 Nb6 32. Ne3 Kf8 33. Kf1 Ke8 34.
Ke2 f6 35. Bc3 Kd7 36. a4 Kc7 37. Kd3 Bd7 38. a5 Bb5+ 39. Kd2 Nc4+ 40. Nxc4
Bxc4 41. Bd3 Be6 42. b5 axb5 43. Bxb5 Bc8 44. Kd3 {(=)} g5 45. f3 h6 46. Bd2
Bc5 47. Kc4 Bg1 48. h3 Be6+ 49. Kd3 Bc5 50. Be1 h5 51. Be8 h4 52. Bb5 Kb8 53.
Bd2 Kc7 54. Be1 Kd6 55. a6 1/2-1/2

[Event "GBR-ch90"]
[Site "Edinburgh"]
[Date "2003.07.24"]
[Round "4.15"]
[White "Bakre, Tejas"]
[Black "Ahmed, Sk. Nasir"]
[Result "1/2-1/2"]
[WhiteElo "2433"]
[BlackElo "2283"]
[PlyCount "39"]
[EventDate "2003.07.21"]
[EventType "swiss"]
[EventRounds "11"]
[EventCountry "GBR"]
[SourceTitle "BritBase"]
[Source "John Saunders"]
[SourceDate "2008.07.14"]
[SourceVersion "1"]
[SourceVersionDate "2008.07.14"]
[SourceQuality "2"]

1. e4 c5 2. Nf3 d6 3. d4 cxd4 4. Nxd4 Nf6 5. Nc3 a6 6. Be3 e6 7. f4 Be7 8. Qf3
O-O 9. g4 Nc6 10. g5 Nd7 11. Nb3 b5 12. h4 b4 13. Na4 Bb7 14. Bd3 Na5 15. Qf2
d5 16. exd5 Bxd5 17. Rh3 Nc4 18. O-O-O Nxe3 19. Qxe3 Qc7 20. Nd4 1/2-1/2

[Event "GBR-ch90"]
[Site "Edinburgh"]
[Date "2003.07.24"]
[Round "4.16"]
[White "McNab, Colin Anderson"]
[Black "Vujatovic, Rajko"]
[Result "1-0"]
[WhiteElo "2395"]
[BlackElo "2265"]
[PlyCount "51"]
[EventDate "2003.07.21"]
[EventType "swiss"]
[EventRounds "11"]
[EventCountry "GBR"]
[SourceTitle "BritBase"]
[Source "John Saunders"]
[SourceDate "2008.07.14"]
[SourceVersion "1"]
[SourceVersionDate "2008.07.14"]
[SourceQuality "2"]

1. c4 Nc6 2. Nf3 Nf6 3. Nc3 d5 4. cxd5 Nxd5 5. g3 Nxc3 6. bxc3 e5 7. Bg2 e4 8.
Ng1 f5 9. f3 exf3 10. Nxf3 Bd6 11. d4 O-O 12. O-O Kh8 13. c4 Bd7 14. Kh1 b6 15.
Qc2 Nb4 16. Qc3 c5 17. Bb2 Qe7 18. dxc5 Bxc5 19. Ne5 Ba4 20. Bxa8 Rxa8 21. Rxf5
Nc6 22. Nf7+ Qxf7 23. Rxf7 Nd4 24. Qxd4 Bxd4 25. Bxd4 Bc6+ 26. Kg1 1-0

[Event "GBR-ch90"]
[Site "Edinburgh"]
[Date "2003.07.24"]
[Round "4.17"]
[White "Collins, Sam IRL"]
[Black "Dignam, Matthew P"]
[Result "1-0"]
[WhiteElo "2381"]
[BlackElo "2124"]
[PlyCount "99"]
[EventDate "2003.07.21"]
[EventType "swiss"]
[EventRounds "11"]
[EventCountry "GBR"]
[SourceTitle "BritBase"]
[Source "John Saunders"]
[SourceDate "2008.07.14"]
[SourceVersion "1"]
[SourceVersionDate "2008.07.14"]
[SourceQuality "2"]

1. e4 e6 2. d4 d5 3. e5 c5 4. c3 Nc6 5. Nf3 Qb6 6. a3 Nh6 7. b4 cxd4 8. Bxh6
gxh6 9. cxd4 Rg8 10. Nc3 Bd7 11. Na4 Qc7 12. Rc1 a6 13. g3 Be7 14. Bd3 Rg7 15.
Nc5 Kf8 16. O-O Kg8 17. Bb1 Kh8 18. Qd2 Bg5 19. Nxg5 hxg5 20. f4 g4 21. f5 exf5
22. Nxd7 Qxd7 23. Rxf5 Rc8 24. Rcf1 Nd8 25. Rh5 Rc6 26. Qd3 Rcg6 27. Rf6 Qe7
28. Qf1 Ne6 29. Qf2 Rg5 30. Rxh7+ Rxh7 31. Bxh7 Nxd4 32. Qxd4 Kxh7 33. Qxd5 Kg7
34. Rf4 Qc7 35. Qd4 Rxe5 36. Rxg4+ Kf8 37. Rf4 Re1+ 38. Kf2 Re5 39. Qc4 Qd7 40.
Kg2 Rd5 41. Rf2 b5 42. Qh4 Qc6 43. Qe4 Qd7 44. h4 Qd6 45. Qf3 Qd7 46. Qf6 Rd6
47. Qh8+ Ke7 48. Qe5+ Kf8 49. Kh2 Rd2 50. Qc5+ 1-0

[Event "GBR-ch90"]
[Site "Edinburgh"]
[Date "2003.07.24"]
[Round "4.18"]
[White "Ramaswamy, Aarthie"]
[Black "Ansell, Simon T"]
[Result "0-1"]
[WhiteElo "2316"]
[BlackElo "2379"]
[PlyCount "46"]
[EventDate "2003.07.21"]
[EventType "swiss"]
[EventRounds "11"]
[EventCountry "GBR"]
[SourceTitle "BritBase"]
[Source "John Saunders"]
[SourceDate "2008.07.14"]
[SourceVersion "1"]
[SourceVersionDate "2008.07.14"]
[SourceQuality "2"]

1. e4 c5 2. Nf3 Nc6 3. d4 cxd4 4. Nxd4 e5 5. Nb5 d6 6. c4 Be7 7. b3 Nf6 8. Bd3
Bg4 9. Qd2 O-O 10. N1c3 a6 11. Na3 Rc8 12. Nc2 b5 13. Ne3 Be6 14. cxb5 axb5 15.
Bxb5 Nd4 16. Bc4 Nxe4 17. Nxe4 d5 18. Bd3 dxe4 19. Bxe4 f5 20. Bd3 e4 21. Bc4
Bxc4 22. bxc4 Rxc4 23. O-O Rxc1 0-1

[Event "GBR-ch90"]
[Site "Edinburgh"]
[Date "2003.07.24"]
[Round "4.20"]
[White "Martyn, Rafe"]
[Black "Shaw, John Kerr"]
[Result "1/2-1/2"]
[WhiteElo "2266"]
[BlackElo "2480"]
[PlyCount "122"]
[EventDate "2003.07.21"]
[EventType "swiss"]
[EventRounds "11"]
[EventCountry "GBR"]
[SourceTitle "BritBase"]
[Source "John Saunders"]
[SourceDate "2008.07.14"]
[SourceVersion "1"]
[SourceVersionDate "2008.07.14"]
[SourceQuality "2"]

1. d4 d5 2. c4 c6 3. Nc3 Nf6 4. e3 Bg4 5. Qb3 Qb6 6. Qxb6 axb6 7. cxd5 Nxd5 8.
Nxd5 cxd5 9. Bd2 Nc6 10. Ne2 e6 11. Nc3 Be7 12. Bb5 O-O 13. f3 Bf5 14. Kf2 Nb4
15. Ke2 Rfc8 16. a3 Nc6 17. Rac1 f6 18. Bd3 Bxd3+ 19. Kxd3 Na5 20. Nb5 Nc4 21.
Rc2 Rc6 22. Rhc1 Kf7 23. Nc3 Rac8 24. Na2 e5 25. Bc3 Bd6 26. dxe5 fxe5 27. Rd1
d4 28. Bd2 dxe3 29. Bxe3 e4+ 30. Ke2 exf3+ 31. gxf3 Nxe3 32. Rxc6 Rxc6 33. Kxe3
Bxh2 34. Rd7+ Kf6 35. Rxb7 Bg1+ 36. Kd3 h5 37. Nb4 h4 38. Nd5+ Ke5 39. Ne3 Bxe3
40. Kxe3 Rg6 41. Rb8 Rh6 42. f4+ Kd5 43. Rd8+ Kc4 44. Rd2 h3 45. Rh2 Kb3 46.
Kf3 b5 47. Kg4 Rg6+ 48. Kf3 Rd6 49. Ke4 Rh6 50. Kf5 Kc4 51. Kg5 Kb3 52. f5 Kc4
53. Kg4 Kb3 54. Rxh3+ Rxh3 55. Kxh3 Kxb2 56. Kg4 Kxa3 57. Kg5 b4 58. Kg6 b3 59.
Kxg7 b2 60. f6 b1=Q 61. f7 Qg1+ 1/2-1/2

[Event "GBR-ch90"]
[Site "Edinburgh"]
[Date "2003.07.24"]
[Round "4.21"]
[White "Neelotpal, Das"]
[Black "Ghasi, Ameet"]
[Result "0-1"]
[WhiteElo "2462"]
[BlackElo "2305"]
[PlyCount "70"]
[EventDate "2003.07.21"]
[EventType "swiss"]
[EventRounds "11"]
[EventCountry "GBR"]
[SourceTitle "BritBase"]
[Source "John Saunders"]
[SourceDate "2008.07.14"]
[SourceVersion "1"]
[SourceVersionDate "2008.07.14"]
[SourceQuality "2"]

1. e4 c5 2. Nf3 Nc6 3. d4 cxd4 4. Nxd4 Nf6 5. Nc3 e6 6. Ndb5 d6 7. Bf4 e5 8.
Bg5 a6 9. Na3 b5 10. Bxf6 gxf6 11. Nd5 f5 12. exf5 Bxf5 13. c3 Bg7 14. Nc2 O-O
15. Nce3 Be6 16. Bd3 f5 17. Qh5 e4 18. Bc2 Ne7 19. Bb3 Ng6 20. g3 a5 21. Qe2 a4
22. Bc2 a3 23. Bb3 axb2 24. Qxb2 {(=)} Kh8 25. h4 f4 26. gxf4 Bxd5 27. Nxd5
Nxf4 28. O-O-O Rc8 29. Rhg1 Nxd5 30. Rxg7 Kxg7 31. Rxd5 Qxh4 32. Qd2 Qf4 33.
Rg5+ Kh6 34. Rxb5 Rxc3+ 35. Bc2 Rc5 0-1

[Event "GBR-ch90"]
[Site "Edinburgh"]
[Date "2003.07.24"]
[Round "4.22"]
[White "Williams, Samuel G"]
[Black "Haslinger, Stewart"]
[Result "0-1"]
[WhiteElo "2150"]
[BlackElo "2414"]
[PlyCount "116"]
[EventDate "2003.07.21"]
[EventType "swiss"]
[EventRounds "11"]
[EventCountry "GBR"]
[SourceTitle "BritBase"]
[Source "John Saunders"]
[SourceDate "2008.07.14"]
[SourceVersion "1"]
[SourceVersionDate "2008.07.14"]
[SourceQuality "2"]

1. e4 e5 2. Nf3 Nc6 3. Bb5 a6 4. Ba4 Nf6 5. Qe2 b5 6. Bb3 Be7 7. O-O O-O 8. c3
d5 9. d3 Re8 10. Re1 Bb7 11. Nbd2 Bf8 12. Nf1 Na5 13. Bc2 c5 14. Ng3 h6 15. Nf5
c4 16. Ng3 Qc7 17. Nh4 Rad8 18. Nh5 Nxh5 19. Qxh5 g6 20. Qg4 cxd3 21. Bxd3 dxe4
22. Bxe4 Bxe4 23. Qxe4 Qc4 24. Qxc4 Nxc4 25. Nf3 Bg7 26. b3 e4 27. Nd4 Nb6 28.
Bd2 b4 29. Rad1 Rc8 30. Rc1 bxc3 31. Bxc3 Rxc3 32. Rxc3 Bxd4 33. Rc6 e3 34.
fxe3 Rxe3 35. Rxe3 Bxe3+ 36. Kf1 Kf8 37. Ke2 Bg1 38. Kf1 Bd4 39. Rd6 Be3 40.
Ke2 Ke7 41. Rc6 Bd4 42. Rc7+ Nd7 43. Rc6 a5 44. h3 h5 45. Kd2 g5 46. Ke2 f5 47.
Rc4 Bc5 48. Rc1 Kd6 49. Rd1+ Ke6 50. Rc1 f4 51. Rc4 Kd5 52. Rc1 Ne5 53. Rd1+
Bd4 54. a3 g4 55. hxg4 hxg4 56. Rf1 f3+ 57. gxf3 g3 58. f4 g2 0-1

[Event "GBR-ch90"]
[Site "Edinburgh"]
[Date "2003.07.24"]
[Round "4.23"]
[White "Al Rakib, Abdullah"]
[Black "Rendle, Thomas"]
[Result "1-0"]
[WhiteElo "2387"]
[BlackElo "2240"]
[PlyCount "81"]
[EventDate "2003.07.21"]
[EventType "swiss"]
[EventRounds "11"]
[EventCountry "GBR"]
[SourceTitle "BritBase"]
[Source "John Saunders"]
[SourceDate "2008.07.14"]
[SourceVersion "1"]
[SourceVersionDate "2008.07.14"]
[SourceQuality "2"]

1. d4 f5 2. g3 Nf6 3. Bg2 g6 4. Nf3 Bg7 5. O-O O-O 6. c4 d6 7. b4 Ne4 8. Bb2 c6
9. Nc3 Nxc3 10. Bxc3 Nd7 11. Qb3 e6 12. Rad1 d5 13. b5 a6 14. bxc6 bxc6 15. Ne5
Nxe5 16. dxe5 Kh8 17. Bb4 Re8 18. Bd6 a5 19. c5 Ba6 20. Qc2 a4 21. Rd4 Bb5 22.
Rb1 Ra7 23. e3 Qd7 24. Bf1 Bxf1 25. Kxf1 Rea8 26. Rdb4 h6 27. Rb8+ Kh7 28. R1b6
Rxb8 29. Rxb8 Ra5 30. Qc3 Qa7 31. Rb6 Qa8 32. a3 g5 33. Qb4 g4 34. Ke1 Kg6 35.
Rb8 Qa6 36. Qb6 Qa7 37. Qxc6 Ra6 38. Qe8+ Qf7 39. Qxf7+ Kxf7 40. Rb7+ Kg6 41.
Re7 1-0

[Event "GBR-ch90"]
[Site "Edinburgh"]
[Date "2003.07.24"]
[Round "4.24"]
[White "McDonald, Neil R"]
[Black "Nixon, Thomas"]
[Result "1-0"]
[WhiteElo "2384"]
[BlackElo "2226"]
[PlyCount "59"]
[EventDate "2003.07.21"]
[EventType "swiss"]
[EventRounds "11"]
[EventCountry "GBR"]
[SourceTitle "BritBase"]
[Source "John Saunders"]
[SourceDate "2008.07.14"]
[SourceVersion "1"]
[SourceVersionDate "2008.07.14"]
[SourceQuality "2"]

1. Nf3 Nf6 2. c4 e6 3. g3 Be7 4. Bg2 d5 5. b3 c5 6. O-O d4 7. e3 Nc6 8. exd4
cxd4 9. Re1 Nd7 10. d3 O-O 11. Na3 e5 12. Nc2 a5 13. a3 f5 14. Rb1 Bf6 15. b4
Qc7 16. b5 Nd8 17. b6 Nxb6 18. Nfxd4 Nf7 19. Nb5 Qd8 20. Be3 Ra6 21. f4 g5 22.
Kh1 Kg7 23. fxg5 Bxg5 24. Bxg5 Nxg5 25. Rxe5 Nd7 26. Rd5 Qe7 27. Qd2 Kg8 28.
Re1 Qg7 29. Nd6 Nf6 30. Nxf5 1-0

[Event "GBR-ch90"]
[Site "Edinburgh"]
[Date "2003.07.24"]
[Round "4.25"]
[White "Lee, Graham D"]
[Black "Longson, Alexander"]
[Result "1/2-1/2"]
[WhiteElo "2360"]
[BlackElo "2225"]
[PlyCount "143"]
[EventDate "2003.07.21"]
[EventType "swiss"]
[EventRounds "11"]
[EventCountry "GBR"]
[SourceTitle "BritBase"]
[Source "John Saunders"]
[SourceDate "2008.07.14"]
[SourceVersion "1"]
[SourceVersionDate "2008.07.14"]
[SourceQuality "2"]

1. e4 c5 2. c3 d5 3. exd5 Qxd5 4. d4 Nf6 5. Nf3 Bg4 6. Be2 e6 7. h3 Bh5 8. O-O
Nc6 9. Be3 cxd4 10. Nxd4 Bxe2 11. Qxe2 Be7 12. Rd1 O-O 13. c4 Nxd4 14. Bxd4 Qe4
15. Kf1 Rfd8 16. Nc3 Qc6 17. b3 a6 18. Rd2 Rd7 19. Rad1 Rad8 20. Rd3 Kf8 21.
Be5 Rxd3 22. Rxd3 Rxd3 23. Qxd3 h6 24. f3 Qc5 25. Qd4 Qxd4 26. Bxd4 Ke8 27. Ke2
Kd7 28. Kd3 Kc6 29. Ne2 a5 30. Bc3 b6 31. Nd4+ Kb7 32. Nb5 Kc6 33. a3 g6 34.
Bd2 Bf8 35. b4 axb4 36. axb4 Nd7 37. Nd4+ Kd6 38. f4 Bg7 39. Nf3 Kc6 40. Be3
Bf8 41. b5+ Kc7 42. Ne5 Nxe5+ 43. fxe5 h5 44. Bg5 Bc5 45. Ke4 Bb4 46. Kf3 Ba3
47. g4 hxg4+ 48. Kxg4 Bb2 49. Bf4 Bd4 50. Kg5 Kd7 51. Kf6 Ke8 52. Bd2 Bc5 53.
Kg5 Kd7 54. Kf4 Kc7 55. Be3 Be7 56. Bd4 Kb7 57. Kg4 Kc7 58. h4 Bf8 59. Be3 Bg7
60. Kf4 Bh6+ 61. Ke4 Bf8 62. Bg5 Bb4 63. Bf6 Ba3 64. Kf4 Bb4 65. Kg4 Bc5 66. h5
gxh5+ 67. Kxh5 Kd7 68. Kh6 Ke8 69. Kg7 Bd4 70. Kg8 Bc5 71. Bh4 Bd4 72. Bf6
1/2-1/2

[Event "GBR-ch90"]
[Site "Edinburgh"]
[Date "2003.07.24"]
[Round "4.26"]
[White "Mannion, Stephen"]
[Black "Redpath, Joseph"]
[Result "1-0"]
[WhiteElo "2339"]
[BlackElo "2194"]
[PlyCount "89"]
[EventDate "2003.07.21"]
[EventType "swiss"]
[EventRounds "11"]
[EventCountry "GBR"]
[SourceTitle "BritBase"]
[Source "John Saunders"]
[SourceDate "2008.07.14"]
[SourceVersion "1"]
[SourceVersionDate "2008.07.14"]
[SourceQuality "2"]

1. e4 c6 2. d4 d5 3. e5 c5 4. dxc5 Nc6 5. Bb5 e6 6. Be3 Nh6 7. c3 Nf5 8. Bd4
Bd7 9. Bxc6 Bxc6 10. Nf3 Nxd4 11. Qxd4 Qa5 12. b4 Qa6 13. a4 b6 14. cxb6 axb6
15. Nbd2 Be7 16. a5 O-O 17. Nb3 Rfb8 18. Kd2 Qc4 19. Rhb1 Bd8 20. Qxc4 dxc4 21.
Nbd4 Be4 22. Re1 Bxf3 23. gxf3 bxa5 24. bxa5 Rxa5 25. Rxa5 Bxa5 26. Ra1 Bd8 27.
Ra4 Bg5+ 28. Kc2 Rc8 29. Nc6 Kf8 30. Rxc4 Ke8 31. Kd3 Kd7 32. Na5 Rxc4 33. Nxc4
Bh4 34. Ke3 Kc6 35. f4 Kd5 36. Nd2 g5 37. fxg5 Bxg5+ 38. f4 Bh4 39. Ne4 Be7 40.
Kd3 h6 41. c4+ Kc6 42. Nf6 Bc5 43. Ng4 h5 44. Nh6 Bg1 45. h3 1-0

[Event "GBR-ch90"]
[Site "Edinburgh"]
[Date "2003.07.24"]
[Round "4.27"]
[White "Webb, Laurence"]
[Black "Gordon, Stephen J"]
[Result "1-0"]
[WhiteElo "2325"]
[BlackElo "2216"]
[PlyCount "97"]
[EventDate "2003.07.21"]
[EventType "swiss"]
[EventRounds "11"]
[EventCountry "GBR"]
[SourceTitle "BritBase"]
[Source "John Saunders"]
[SourceDate "2008.07.14"]
[SourceVersion "1"]
[SourceVersionDate "2008.07.14"]
[SourceQuality "2"]

1. e4 c5 2. Nf3 e6 3. c3 d5 4. e5 d4 5. Bd3 Nc6 6. O-O Nge7 7. Be4 Bd7 8. Na3
Ng6 9. Nc4 b5 10. Na3 Rb8 11. Nc2 Ncxe5 12. Nxe5 Nxe5 13. cxd4 cxd4 14. Nxd4
Qh4 15. d3 Bd6 16. g3 Qf6 17. Be3 h5 18. Rc1 h4 19. f4 hxg3 20. fxe5 Qxe5 21.
Nc6 Bxc6 22. Bxc6+ Ke7 23. Qf3 gxh2+ 24. Kh1 f6 25. Bxa7 Rbc8 26. Qg4 f5 27.
Qg5+ Qf6 28. Be3 b4 29. Bb5 Rb8 30. Bc4 Rh3 31. Rce1 Rg3 32. Qxf6+ Kxf6 33. Bf2
Re8 34. Bxg3 Bxg3 35. Re3 Bc7 36. d4 g5 37. Rfe1 e5 38. dxe5+ Bxe5 39. Rxe5
Rxe5 40. Rxe5 Kxe5 41. Kxh2 f4 42. Kh3 Ke4 43. Bb5 Ke3 44. Kg4 Kd2 45. Kxg5 b3
46. a4 Kc2 47. Kxf4 Kxb2 48. Bc4 Kc3 49. Bxb3 1-0

[Event "GBR-ch90"]
[Site "Edinburgh"]
[Date "2003.07.24"]
[Round "4.28"]
[White "Munson, Shaun D"]
[Black "Howell, David W"]
[Result "1/2-1/2"]
[WhiteElo "2112"]
[BlackElo "2323"]
[PlyCount "71"]
[EventDate "2003.07.21"]
[EventType "swiss"]
[EventRounds "11"]
[EventCountry "GBR"]
[SourceTitle "BritBase"]
[Source "John Saunders"]
[SourceDate "2008.07.14"]
[SourceVersion "1"]
[SourceVersionDate "2008.07.14"]
[SourceQuality "2"]

1. d4 Nf6 2. Bg5 Ne4 3. Bf4 c5 4. f3 Qa5+ 5. c3 Nf6 6. d5 Qb6 7. Bc1 e6 8. c4
Qb4+ 9. Bd2 Qxc4 10. e4 Qd4 11. Nc3 c4 12. Qe2 b5 13. Be3 Qe5 14. Nxb5 Bb4+ 15.
Kf2 Na6 16. Bd4 Bc5 17. Qe3 Bxd4 18. Qxd4 Qxd4+ 19. Nxd4 Rb8 20. Bxc4 Rxb2+ 21.
Nge2 exd5 22. exd5 Rb4 23. Rhc1 Bb7 24. Nf5 Nc5 25. Nxg7+ Kd8 26. Rc2 d6 27.
Nf5 Kc7 28. a3 Rb6 29. Nf4 Nfd7 30. Re1 Ne5 31. Bf1 Re8 32. Ng7 Re7 33. Nf5 Re8
34. Ng7 Re7 35. Nf5 Re8 36. Ng7 1/2-1/2